00434nam a2200109Ia 4500008004100000100002300041245010200064260003300166300001700199650002300216856008500239160712s9999 xx 000 0 und d aPajaro, Marivic G. cMarivic G. Pajaro,aThe Northern Philippine Sea: A Bioregional Development Communication Strategy c2013bSocial Science Diliman avol. 9 no. 2 xMASS COMMUNICATION uhttp://journals.upd.edu.ph/index.php/socialsciencediliman/issue/view/405/showToc